Meilleurs joueurs sur FIFA (EA FC) - Statistiques

Statistiques générales
  • Ce quiz a été pris 49 250 fois
    23 405 depuis la dernière actualisation
  • Le résultat moyen est 15 sur 29
Statistiques - réponses
Édition Joueur % Correct
2023, 2024, 2025, 2026 Kylian Mbappé
99%
2023, 2024 Lionel Messi
96%
2023 Cristiano Ronaldo
94%
2026 Ousmane Dembélé
83%
2024, 2025, 2026 Erling Haaland
82%
2026 Lamine Yamal
74%
2025, 2026 Vinícius Júnior
74%
2023, 2025, 2026 Mohamed Salah
63%
2025, 2026 Rodri
62%
2023, 2024, 2025 Kevin De Bruyne
57%
2025, 2026 G. Donnarumma
53%
2025, 2026 Jude Bellingham
53%
2023, 2024 Robert Lewandowski
53%
2024, 2025, 2026 Harry Kane
51%
2023, 2024, 2025, 2026 Thibaut Courtois
50%
2023, 2024 Karim Benzema
49%
2023, 2025, 2026 Virgil Van Dijk
49%
2026 Pedri
48%
2026 Achraf Hakimi
46%
2026 Vitinha
46%
2023 Manuel Neuer
35%
2026 Raphinha
35%
2025, 2026 Alisson
31%
2025 Lautaro Martinez
21%
2025 M. ter Stegen
17%
2026 Federico Valverde
16%
2026 Florian Wirtz
15%
2026 Joshua Kimmich
14%
2025 Martin Ødegaard
11%
Aucun quiz correspondant
Distribution des résultats
% des personnes avec chaque résultat
Percentile par nombre de réponses
Votre historique - résultats
Vous n’avez pas pris ce quiz depuis la dernière actualisation